000 01723cam a2200289 4500
001 E133803
002 9939
008 060612n2006 000 0 eng u
020 _a9780080461427
035 _a(Sirsi) u133803
041 _aeng
050 _a658.404
100 _aTunstall, Gavin
245 _aManaging the building design process
_h[electronic resource]
250 _a2nd ed.
260 _aOxford
_bButterworth Heinemann
_c2006
300 _aeBook
350 _a24.99
505 2 _aSECTION 1 The Basics -- Design and the designers -- Communication -- Permissions and approvals -- SECTION 2 The Design Period -- Design planning -- The design brief -- The Design: Function, Part 1 How buildings are used -- The Design: Function, Part 2 Design and construction constraints -- The design: aesthetics -- Construction information -- Pre-contract administration -- SECTION 3 Construction Period -- Construction supervision -- Completion -- Feedback
520 _aThis text explains the designer's role in the creation of new buildings from development of the plan through to completion. The focus is on ensuring that the adopted design best meets the needs of the client, and putting that design into practice in the most effective manner. This text uses one key design project throughout, so that the reader can follow the process leading to the creation of a new building, with pertinent issues highlighted as they would arise in practice.
590 _aIKA040706
650 _aBUILT ENVIRONMENT-CONSTRUCTION DESIGN
650 2 4 _aEBOOK
690 _aProject management
_96261
856 4 8 _uhttps://www.vlebooks.com/
_zView on VLEbooks. Logins for members only from [email protected]
942 _n0
999 _c105480
_d105480